Upínanie nerotačných obrobkov : Diplomová práca

Enregistré dans:
Détails bibliographiques
Auteur principal: Kačinec, Miloš (Auteur)
Autres auteurs: Velíšek, Karol, 1951- (xxx)
Format: Manuscrit Livre
Langue:slovaque
Publié: Trnava : STU v Bratislave MtF KOM, 1998
Sujets:
Tags: Ajouter un tag
Pas de tags, Soyez le premier à ajouter un tag!

MARC

LEADER 00000ntm a22000003a 4500
001 stu78958
005 20160719155014.8
008 030207s1998----xo------------------slo-d
040 |a STU  |b slo 
041 0 |a slo 
044 |a xo 
100 1 |a Kačinec, Miloš  |4 aut 
245 1 |a Upínanie nerotačných obrobkov :  |b Diplomová práca 
260 |a Trnava :  |b STU v Bratislave MtF KOM,  |c 1998 
300 |a 37 s  |c abstr. + príl. + disk. 
650 7 |a automatizácia upínania  |2 stusub 
650 7 |a nerotačné obrobky  |2 stusub 
650 7 |a strojárske technológie  |2 stusub 
700 1 |a Velíšek, Karol,  |d 1951-  |4 xxx  |u M2000  |U MTF Materiálovotechnologická fakulta  |T MTF Ústav výrobných systémov a aplikovanej mechaniky  |X 234  |U M2000  |Y 82  |7 A000000234 
996 |b 284M037090  |c M*DP-1790  |l MMSKP  |s P  |a 0  |w stu78958_0001